000 00581nam a22002297a 4500
003 UA-OsUOA
001 34270
007 ta
008 20050927b un ||||| |||| 00| 0 ukr d
100 _aДонченко О.
090 _a821.161.2
_bД67
942 _cBK
040 _aUA-OsUOA
_bukr
_cUA-OsUOA
_dUA-OsUOA
245 _aЗолота медаль
300 _a320 с.
955 _a3
041 _aukr
080 _a821.161.2
260 _aК.
_bЦК ЛКСМУ
_c1954
650 7 _a82 Література. Літературознавство
_2UDC
999 _c320709
_d320709